000 00434nam a22001337a 4500
040 _cNUST
082 _a200 THE
100 _aMuhammad Ehtasham Akbar
_998464
110 _aSupervisor: Dr. Afshan Naseem
245 _aTH-SOF-2033-Time Study Based Model to Optimize the Assembly Line Efficiency and Labor Cost Considering Human Factors
260 _aISLAMABAD:
_bNUST COLLEGE OF EME,
_c2022.
650 _aMS-EM-19
942 _2ddc
_cTHE
999 _c591314
_d591314